000 00564nam a2200181Ia 4500
008 090124s9999 xx 000 0 und d
082 _b122216
100 _aगाला ध. रा.
245 _a रसाहार करा निरोगी रहा
250 _a1
260 _c1987
300 _a174
600 _aगाला ध. रा.
630 _a रसाहार करा निरोगी रहा
700 _aगाला ध. रा.
730 _a रसाहार करा निरोगी रहा
942 _cBOOK
999 _c168302
_d168302